Interactive Distance Learning Over Internet/ (Record no. 163885)

MARC details
000 -LEADER
fixed length control field 00590nam a22002057a 4500
005 - DATE AND TIME OF LATEST TRANSACTION
control field 20190503121706.0
010 ## - LCCN (DPL NO)
LC control number B-031262
020 ## - INTERNATIONAL STANDARD BOOK NUMBER
International Standard Book Number 8187317523
035 ## - SYSTEM CONTROL NUMBER
System control number B-031262
037 ## - SOURCE OF ACQUISITION
Source of stock number/acquisition DBAD/PUB
082 ## - DEWEY DECIMAL CLASSIFICATION NUMBER
Classification number 004.67
100 ## - MAIN ENTRY--PERSONAL NAME
Personal name Patnaik,M.S.
245 ## - TITLE STATEMENT
Title Interactive Distance Learning Over Internet/
Statement of responsibility, etc by Patnaik,M.S.
260 ## - PUBLICATION, DISTRIBUTION, ETC. (IMPRINT)
Place of publication, distribution, etc New Delhi
Name of publisher, distributor, etc Rajat Publications
Date of publication, distribution, etc 1999
270 ## - ADDRESS
Address 4/32,geeta colony,
City New Delhi
Postal code 110031
300 ## - PHYSICAL DESCRIPTION
Extent viii,304p.
Dimensions 21cms(hbk)
500 ## - GENERAL NOTE
General note It includes index
942 ## - ADDED ENTRY ELEMENTS (KOHA)
Source of classification or shelving scheme Dewey Decimal Classification
Item type English Books
Classification part 004.67
Call number suffix PAT
Holdings
Withdrawn status Lost status Not for loan Collection code Home library Current library Date acquired Source of acquisition Full call number Barcode Copy number Koha item type
      Non-fiction Central Library Central Library 03/05/2019 DBAD/PUB 004.67 PAT B-031262 1 English Books

© Delhi Public Library
Hit Counter
free hit counter